000 00514nam a2200181 i 4500
001 27056
003 ES-MaACL
005 20230906153542.0
007 t|
008 030113s1984 sp ||||1| spa d
110 1 _aMadrid.
_bAyuntamiento
_9234069
245 1 0 _a1983-1984 :
_bun año de gestión /
_cAyuntamiento de Madrid.
260 _aMadrid :
_b[s.n.,
_c1984]
300 _a176 p. ;
_c30 cm.
650 4 _aAdministración municipal-
_zMadrid.
_9153436
852 _aES-MaACL
_jL-7223
999 _c27056
_d27056